LIBRARY & INFORMATION CENTRE, KCAET, TAVANUR

ONLINE PUBLIC ACCESS CATALOGUE (OPAC)

Karshika Vijnana vyapanam / (Record no. 6020)

MARC details
000 -LEADER
fixed length control field 00882cam a2200373ua 4500
041 ## - LANGUAGE CODE
Language code of text/sound track or separate title mal
082 ## - DEWEY DECIMAL CLASSIFICATION NUMBER
Classification number 630.717
Item number NAI/KA
100 ## - MAIN ENTRY--AUTHOR NAME
Personal name Nair, P S .
245 ## - TITLE STATEMENT
Title Karshika Vijnana vyapanam /
250 ## - EDITION STATEMENT
Edition statement 1 /
260 ## - PUBLICATION, DISTRIBUTION, ETC. (IMPRINT)
Place of publication Thiruvananthapuram :
Name of publisher State Instititute of Languages ,
Year of publication 1973.
300 ## - PHYSICAL DESCRIPTION
Number of Pages 218 ; .
942 ## - ADDED ENTRY ELEMENTS (KOHA)
Koha item type Books
Holdings
Withdrawn status Lost status Damaged status Home library Current library Date acquired Full call number Accession Number Koha item type
      KAUAET KAUAET 07/04/2012 630.717 13906 Books
      KAUAET KAUAET 07/04/2012 630.717 13897 Books
      KAUAET KAUAET 07/04/2012 630.717 13902 Books
      KAUAET KAUAET 07/04/2012 630.717 13175 Books
      KAUAET KAUAET 07/04/2012 630.717 13899 Books
      KAUAET KAUAET 07/04/2012 630.717 13903 Books
Withdrawn     KAUAET KAUAET 07/04/2012 630.717 13901 Books
      KAUAET KAUAET 07/04/2012 630.717 13174 Books
      KAUAET KAUAET 07/04/2012 630.717 13895 Books
      KAUAET KAUAET 07/04/2012 630.717 13904 Books
      KAUAET KAUAET 07/04/2012 630.717 13905 Books
      KAUAET KAUAET 07/04/2012 630.717 13907 Books
      KAUAET KAUAET 07/04/2012 630.717 13896 Books
      KAUAET KAUAET 07/04/2012 630.717 13176 Books
      KAUAET KAUAET 07/04/2012 630.717 13893 Books
Withdrawn   Damaged KAUAET KAUAET 07/04/2012 630.717 13898 Books
      KAUAET KAUAET 07/04/2012 630.717 13177 Books
Withdrawn     KAUAET KAUAET 16/11/2023 630.717 NAI/KA 13894 Books
Withdrawn     KAUAET KAUAET 16/11/2023 630.717 NAI/KA 13900 Books
free website counter